000 00354nam a2200145Ia 4500
008 240624s9999 xx 000 0 und d
041 _aeng
082 _a658 OMA
100 _aO MAHONEY JOE
245 _aMANAGEMENT CONSULTANCY
250 _a(2nd ed.)
260 _c2013
_aNew Delhi
_bOxford
300 _axiii, : 391 : p. : cm. ; 26
365 _cRS
_b31
999 _c24830
_d24830